Les personnes connues selon leur mort n°2 - Statistiques

Statistiques générales
  • Ce quiz a été pris 233 fois
  • Le résultat moyen est 6 sur 10
Statistiques - réponses
Indices mortels Noms % Correct
Mort victime d’un accident de la route, comique et comédien français, il est à l’origine de la plus célèbre association en France qui donne notamment des repas aux personnes dans le besoin. Coluche
91%
Comédien et dramaturge français, épuisé par le travail et la maladie (il était atteint de phtisie), il meurt après la quatrième représentation de l’une de ses pièces, où il interprétait le rôle d’un malade. Molière
91%
Physicienne et chimiste française ayant découvert entre autres, le radium et le polonium, elle est décédée suite à une leucémie. Marie Curie
86%
Acteur, chanteur et humoriste français, il est devenu célèbre grâce à « La Grande Vadrouille ». Il meurt de la maladie de Kahler. Bourvil
79%
Acteur et plus grand maître d’arts martiaux du cinema mondial du XX°siècle, selon la thèse officielle toujours très controversée, il serait décédé d’un œdème cérébral dû à une allergie à l’aspirine. Bruce Lee
71%
Chanteuse française célèbre mondialement via son repertoire regroupant environ 2000 chansons interprétées dans de nombreuses langues. Elle déclarait : « Le public a pour moi le visage de l’amour. ». Elle mit fin à ses jours en s’empoisonnant avec des médicaments. Dalida
61%
Chanteur de variété française, notamment du titre « Laisse-moi t’aimer », il se jette de la terrasse de l’appartement d’une amie. Mike Brant
49%
Acteur comique français et chanteur devenu l’une des plus grandes stars du cinéma français pendant plusieurs décennies, avant et après la Seconde Guerre mondiale, Il meurt victime d’un cancer des poumons. Fernandel
37%
Il faisait partie de ces grands écrivains réalistes français qui étaient des peintres de la vie moderne de leur époque. Au déclin de sa vie, il souffrait d’hallucinations visuelles qui le conduisirent à la folie ; il meurt d’une paralysie générale. Guy de Maupassant
29%
Acteur italo-americain connu pour son rôle dans la série « Zorro » et autres... il est mort victime d’une rupture d’anévrisme. Guy Williams
12%
Aucun quiz correspondant
Distribution des résultats
% des personnes avec chaque résultat
Percentile par nombre de réponses
Votre historique - résultats
Vous n’avez pas pris ce quiz